000 00431nam a2200169 4500
003 SEACOMEC
005 20260317132312.0
008 260317b |||||||| |||| 00| 0 eng d
020 _a978-9364682855
_c300
040 _aSEACOMEC
082 _a428.2
_bA374
100 _aAlex, K
245 _aSoft Skills: Know Yourself and Know the World
_cK Alex
260 _aNew Delhi
_bS. Chand
_cr2010
650 _aPsychology
942 _cBOOK
999 _c2640
_d2640